| 000 | 005900000a22001810004500 | ||
|---|---|---|---|
| 003 | MACL | ||
| 005 | 20160610130244.0 | ||
| 008 | 160610b xxu||||| |||| 00| 0 eng d | ||
| 040 |
_aMACL _cmacl |
||
| 041 | _aHindi | ||
| 082 | _a891.433 | ||
| 100 |
_aनार्लीकर, जयंत विष्णु _952693 |
||
| 245 |
_aवाइरस _cजयंत विष्णु नार्लीकर |
||
| 260 |
_bराजकमल प्रकाशन _c2000 _aनइ्र दिल्ली |
||
| 350 | _a150 | ||
| 650 |
_aNovel _963810 |
||
| 942 |
_cHIN _k891.433 _2ddc |
||
| 999 |
_c29741 _d29741 |
||